| 000 | 00684nam a22002057a 4500 | ||
|---|---|---|---|
| 003 | 0 | ||
| 005 | 20241019133712.0 | ||
| 008 | 241019b xxu||||| |||| 00| 0 eng d | ||
| 020 | _a9781266233975 | ||
| 050 |
_aHD 30.22 _b.T56 2024 |
||
| 100 |
_aThomas, Christopher R., _eauthor. |
||
| 245 |
_aManagerial economics : _bfoundations of business analysis and strategy / _cChristopher R. Thomas. |
||
| 250 | _a14th ed. | ||
| 260 |
_aNew York, NY : _bMcGraw Hill LLC, _c2024. |
||
| 300 |
_axxvi, 754 p. : _bill. ; _c24 cm. |
||
| 500 | _aThis International Student Edition is for use outside of the U.S. | ||
| 504 | _aIncludes index. | ||
| 650 | _aManagerial economics. | ||
| 942 |
_2lcc _cBK |
||
| 999 |
_c366604 _d366604 |
||